[Event "ch-RUS Rapid 2017"]
[Site "Sochi RUS"]
[Date "2017.10.01"]
[Round "9.9"]
[White "Rublevsky, Sergei"]
[Black "Palchun, Grigory"]
[Result "1-0"]
[WhiteTitle "GM"]
[WhiteElo "2683"]
[BlackElo "2441"]
[WhiteFideId "4115309"]
[BlackFideId "24147338"]
[EventDate "2017.09.30"]

1. e4 e5 2. Nf3 Nc6 3. d4 exd4 4. Nxd4 Bc5 5. Nxc6 bxc6 6. Nc3 Nf6 7. Bd3 d6 8.
Na4 Bb6 9. O-O Nd7 10. Kh1 Nc5 11. Nxc5 Bxc5 12. f4 O-O 13. f5 Bd4 14. Qg4 Re8
15. Rf3 d5 16. Bg5 Bf6 17. Bxf6 Qxf6 18. Re1 c5 19. Rfe3 c4 20. exd5 Rxe3 21.
Rxe3 Ba6 22. Qe4 h6 23. Bxc4 Bxc4 24. Qxc4 Qxb2 25. Re1 Rd8 26. h3 Qf6 27. Qe4
Qc3 28. Rd1 Rd6 29. Qe8+ Kh7 30. Qxf7 Qxc2 31. Rf1 Qd3 32. Rf3 Qxd5 33. Qxc7 Rd7
34. Qc2 Kg8 35. f6 Qd1+ 36. Qxd1 Rxd1+ 37. Kh2 Ra1 38. Ra3 gxf6 39. Rxa7 Rb1 40.
Kg3 Rb4 41. a4 h5 42. a5 h4+ 43. Kf3 Rb3+ 44. Kf4 Rb2 45. a6 Rxg2 46. Rb7 1-0

[Event "ch-RUS Rapid 2017"]
[Site "Sochi RUS"]
[Date "2017.10.01"]
[Round "9.10"]
[White "Alekseenko, Kirill"]
[Black "Grachev, Boris"]
[Result "0-1"]
[WhiteTitle "GM"]
[BlackTitle "GM"]
[WhiteElo "2563"]
[BlackElo "2654"]
[WhiteFideId "4135539"]
[BlackFideId "4129199"]
[EventDate "2017.09.30"]

1. d4 d5 2. Nc3 Nf6 3. Bf4 a6 4. e3 b5 5. Bd3 e6 6. Nf3 c5 7. O-O Bb7 8. Ne5
Nbd7 9. a3 Nxe5 10. Bxe5 Bd6 11. f4 O-O 12. Qf3 c4 13. Be2 Ne4 14. Nxe4 dxe4 15.
Qg4 g6 16. h4 f5 17. Qg3 Bxe5 18. fxe5 Bd5 19. c3 a5 20. Qh3 h5 21. Qg3 Kh7 22.
Qg5 Qxg5 23. hxg5 Rfb8 24. Rfc1 Ra7 25. g3 Kg7 26. Kf2 Kf7 27. Ke1 Ke7 28. Kd2
Rb6 29. Ra2 Rab7 30. Raa1 Rb8 31. Rc2 R6b7 32. Rac1 Kd7 33. Ra1 Rb6 34. Rac1 Rc8
35. Ra1 Rc7 36. Bf1 Kc8 37. Be2 Kb8 38. Rac1 Kb7 39. Ra1 Rc8 40. Rac1 Rbc6 41.
Ra1 R6c7 42. Rac1 Kb6 43. Ra1 h4 44. gxh4 Rh8 45. Rh1 Rch7 46. h5 gxh5 47. Rcc1
h4 48. Rcg1 Rg7 49. Ke1 b4 50. axb4 axb4 51. Kf2 b3 52. g6 Rh6 53. Rg5 Rhxg6 54.
Rxg6 Rxg6 55. Rxh4 Rg8 56. Rh2 Ra8 57. Kg3 Ra1 58. Rg2 Rb1 59. Bh5 Rf1 60. Be2
Rb1 61. Bh5 Rh1 62. Be2 Rc1 63. Bh5 Ka5 64. Rf2 Ka4 65. Be8+ Ka5 66. Bh5 Re1 67.
Re2 Rg1+ 68. Rg2 Rh1 69. Rh2 Rc1 70. Rf2 Rc2 71. Bd1 Rc1 72. Rd2 Kb6 73. Kf4 Kc7
74. Kg3 Kd8 75. Kf4 Ke7 76. Kg3 Kf8 77. Kf4 Ke7 78. Kg3 Bc6 79. Kf2 Kf8 80. Be2
Bd5 81. Bd1 Kg7 82. Kg3 Bc6 83. Kf4 Kf8 84. Kg3 Kf7 85. Kf4 Ke7 86. Kg3 Bd5 87.
Kf4 Ra1 88. Kg3 Kd7 89. Kf4 Kc6 90. Kg3 Kb5 91. Bh5 Kb6 92. Bd1 Ra7 93. Rh2 Ra1
94. Rd2 Rc1 95. Kf2 Kc7 96. Kg3 Bc6 97. Kf2 Rb1 98. Be2 Bd5 99. Bd1 Kb6 100. Kg3
Bc6 101. Kf2 Bb5 102. Kg3 Kc6 103. Bh5 Kd5 104. Rg2 Ba4 105. Kf4 Rf1+ 106. Kg5
Bd7 107. Be2 Rb1 108. Bh5 Re1 109. Re2 Rc1 110. Kf6 Rc2 111. Ke7 Kc6 112. Kd8
Rc1 113. Rg2 Rh1 114. Be2 Rh8+ 115. Ke7 Rh7+ 116. Kf6 Rh6+ 117. Kg7 Rh3 118.
Bxc4 Rxe3 119. Bxb3 f4 120. Ba4+ Kc7 121. Bxd7 Rg3+ 122. Rxg3 fxg3 123. d5 g2
124. dxe6 g1=Q+ 125. Kf7 Qf2+ 0-1

[Event "ch-RUS Rapid 2017"]
[Site "Sochi RUS"]
[Date "2017.10.01"]
[Round "9.11"]
[White "Sjugirov, Sanan"]
[Black "Potapov, Pavel"]
[Result "1-0"]
[WhiteTitle "GM"]
[BlackTitle "GM"]
[WhiteElo "2650"]
[BlackElo "2479"]
[WhiteFideId "4189302"]
[BlackFideId "4169786"]
[EventDate "2017.09.30"]

1. d4 f5 2. Bf4 Nf6 3. e3 d6 4. Nc3 g6 5. h4 Bg7 6. h5 c6 7. h6 Bf8 8. Qf3 e6 9.
e4 fxe4 10. Nxe4 Nxe4 11. Qxe4 Be7 12. O-O-O O-O 13. Kb1 Na6 14. Nh3 Nb4 15. Bd2
Nd5 16. Bd3 a5 17. Rhe1 a4 18. c4 Nf6 19. Qe2 a3 20. b3 d5 21. Ng5 Ne4 22. Nxe4
dxe4 23. Qxe4 e5 24. Bc3 Rxf2 25. Qxe5 Bf6 26. Qg3 Rf5 27. Bxf5 Bxf5+ 28. Ka1 b5
29. d5 Qd6 30. Qe3 bxc4 31. bxc4 cxd5 32. Rxd5 Qb6 33. Bxf6 Qxf6+ 34. Qd4 Qxd4+
35. Rxd4 Kf7 36. g4 1-0

[Event "ch-RUS Rapid 2017"]
[Site "Sochi RUS"]
[Date "2017.10.01"]
[Round "9.12"]
[White "Sarana, Alexey"]
[Black "Artemiev, Vladislav"]
[Result "1/2-1/2"]
[WhiteTitle "GM"]
[BlackTitle "GM"]
[WhiteElo "2541"]
[BlackElo "2692"]
[WhiteFideId "24133795"]
[BlackFideId "24101605"]
[EventDate "2017.09.30"]

1. d4 Nf6 2. c4 g6 3. Nc3 d5 4. Bg5 Ne4 5. Bh4 Nxc3 6. bxc3 dxc4 7. e3 Be6 8.
Be2 Nd7 9. Nf3 Nb6 10. a4 a5 11. O-O Bg7 12. Qc2 O-O 13. Rfb1 Bf5 14. e4 Bd7 15.
Nd2 Qe8 16. Nxc4 Nxc4 17. Bxc4 b6 18. Qb3 Bf6 19. Bg3 e5 20. Re1 Bg7 21. d5 h5
22. f3 Qe7 23. Bf2 h4 24. h3 Bh6 25. Ra2 Rad8 26. Bb5 Bc8 27. c4 Bf4 28. c5 bxc5
29. Qc3 Qg5 30. Kh1 f5 31. Bd3 fxe4 32. Bxe4 Bf5 33. Qxc5 Bg3 34. Qxa5 Bxe4 35.
Rxe4 c6 36. Qe1 cxd5 37. Rg4 Bxf2 38. Rxf2 Qf6 39. Re2 e4 40. fxe4 d4 41. e5 Qe6
42. Qxh4 d3 43. Rd2 Rf1+ 44. Kh2 Qxe5+ 45. Qg3 Qc5 46. Rxg6+ Kh7 47. Rg7+ Kh8
48. Qg5 Qd6+ 49. Qg3 Qd4 50. Qg5 Qd6+ 51. Qg3 Qd4 52. Qg5 Qd6+ 53. g3 Qb6 54. h4
Rf2+ 55. Rxf2 Qxf2+ 56. Kh3 Qf1+ 57. Kh2 Qe2+ 58. Kg1 Qd1+ 59. Kh2 Qe2+ 1/2-1/2

[Event "ch-RUS Rapid 2017"]
[Site "Sochi RUS"]
[Date "2017.10.01"]
[Round "9.13"]
[White "Savchenko, Boris"]
[Black "Hasangatin, Ramil"]
[Result "1-0"]
[WhiteTitle "GM"]
[BlackTitle "GM"]
[WhiteElo "2581"]
[BlackElo "2496"]
[WhiteFideId "4147332"]
[BlackFideId "4122160"]
[EventDate "2017.09.30"]

1. e4 Nf6 2. e5 Nd5 3. d4 d6 4. c4 Nb6 5. exd6 exd6 6. Nc3 Be7 7. Qf3 O-O 8. Be3
c6 9. O-O-O d5 10. c5 N6d7 11. Bd3 Nf6 12. h3 b6 13. Nge2 Ba6 14. Nf4 Bxd3 15.
Nxd3 Nbd7 16. Rhe1 Re8 17. g4 Ne4 18. Nxe4 dxe4 19. Qxe4 Bxc5 20. Qh1 Bf8 21.
Kb1 Qf6 22. f4 Qe6 23. Rc1 Rac8 24. Bf2 Qg6 25. f5 Rxe1 26. Qxe1 Qd6 27. Qe3 Nf6
28. g5 Nd5 29. Qf3 Re8 30. Ne5 c5 31. Bg3 Nb4 32. g6 fxg6 33. fxg6 Qf6 34. gxh7+
Kxh7 35. Qh5+ Kg8 36. a3 g6 37. Nxg6 Nd3 38. Be5 Nxe5 39. dxe5 Qf2 40. Qg4 Bg7
41. Rg1 Qf7 42. h4 Re6 43. h5 Kh7 44. Qe4 Kh6 45. Ne7 Bxe5 46. Ng8+ Kxh5 47.
Qg4# 1-0

[Event "ch-RUS Rapid 2017"]
[Site "Sochi RUS"]
[Date "2017.10.01"]
[Round "9.14"]
[White "Bocharov, Dmitry"]
[Black "Belyakov, Bogdan"]
[Result "1-0"]
[WhiteTitle "GM"]
[BlackTitle "IM"]
[WhiteElo "2585"]
[BlackElo "2486"]
[WhiteFideId "4138716"]
[BlackFideId "24104795"]
[EventDate "2017.09.30"]

1. d4 Nf6 2. c4 g6 3. Nc3 Bg7 4. e4 d6 5. f3 O-O 6. Be3 c5 7. Nge2 Nc6 8. d5 Ne5
9. Ng3 h5 10. Be2 e6 11. O-O exd5 12. cxd5 h4 13. Nh1 Nh7 14. Nf2 f5 15. f4 Nf7
16. Qd2 a6 17. e5 dxe5 18. Bxc5 Re8 19. fxe5 Nxe5 20. d6 Nf6 21. Rad1 Bd7 22.
Nd3 h3 23. gxh3 Ne4 24. Nxe4 fxe4 25. Nxe5 Rxe5 26. Be3 Bxh3 27. Bc4+ Kh8 28.
Rf7 Qh4 29. Kh1 Bg4 30. Be2 Rf5 31. Rxf5 Bxf5 32. d7 Bf6 33. Bd4 Rd8 34. Bxf6+
Qxf6 35. Qh6+ Kg8 36. Bc4+ Be6 37. Rf1 Qxf1+ 38. Bxf1 Kf7 39. Qh7+ Kf6 40. Qh4+
g5 41. Qh6+ Ke7 42. Qxg5+ Kxd7 43. Qg7+ Kc6 44. Qc3+ Kb6 45. Qe3+ Kc7 46. Qc5+
Kd7 47. Bc4 Bh3 48. Qh5 1-0

[Event "ch-RUS Rapid 2017"]
[Site "Sochi RUS"]
[Date "2017.10.01"]
[Round "9.15"]
[White "Kobalia, Mikhail"]
[Black "Oganian, Miran"]
[Result "1-0"]
[WhiteTitle "GM"]
[BlackTitle "IM"]
[WhiteElo "2596"]
[BlackElo "2454"]
[WhiteFideId "4119150"]
[BlackFideId "4122488"]
[EventDate "2017.09.30"]

1. e4 c5 2. Nf3 d6 3. Bb5+ Nc6 4. O-O Bd7 5. Re1 Nf6 6. c3 a6 7. Bf1 Bg4 8. h3
Bxf3 9. Qxf3 e6 10. d3 Be7 11. Nd2 O-O 12. Qe2 d5 13. e5 Nd7 14. Nf3 b5 15. Bf4
c4 16. d4 b4 17. Qc2 bxc3 18. bxc3 Re8 19. Be2 Nf8 20. Qa4 Qd7 21. Qc2 Reb8 22.
Reb1 Rb5 23. a4 Rxb1+ 24. Rxb1 Qd8 25. Bd1 Rb8 26. Qa2 Rxb1 27. Qxb1 Qb8 28. Qa2
Qb6 29. Bc2 Nd7 30. h4 h6 31. g3 Bf8 32. Kg2 Qa5 33. Bd2 Be7 34. Bb1 Qb6 35. Bc2
Qa5 36. Nh2 Kf8 37. Bd1 Ke8 38. Qc2 Bf8 39. f4 Qb6 40. f5 Na5 41. fxe6 Qxe6 42.
Nf1 f6 43. exf6 Nxf6 44. Bf3 Nb3 45. Bf4 Bd6 46. Qg6+ Kf8 47. Bxd6+ Qxd6 48. Ne3
Qd7 49. Ng4 Nxg4 50. Bxg4 Qxa4 51. Qd6+ Ke8 52. Bh5+ 1-0

[Event "ch-RUS Rapid 2017"]
[Site "Sochi RUS"]
[Date "2017.10.01"]
[Round "9.16"]
[White "Levin, Evgeny A."]
[Black "Babikov, Ivan"]
[Result "1-0"]
[WhiteTitle "GM"]
[BlackTitle "FM"]
[WhiteElo "2532"]
[BlackElo "2276"]
[WhiteFideId "4182596"]
[BlackFideId "4161106"]
[EventDate "2017.09.30"]

1. d4 Nf6 2. c4 e6 3. Nf3 b6 4. g3 Bb7 5. Bg2 d6 6. O-O Nbd7 7. d5 exd5 8. Nh4
g6 9. cxd5 Bg7 10. Nc3 O-O 11. Nf3 Re8 12. Nd4 a5 13. Bg5 h6 14. Bf4 Nc5 15. Rc1
Qd7 16. Re1 g5 17. Bd2 Nfe4 18. Ndb5 Nxc3 19. Nxc3 b5 20. Be3 b4 21. Bxc5 bxc3
22. Bd4 cxb2 23. Rb1 Qf5 24. Bxg7 Kxg7 25. Rxb2 Ba6 26. e3 Qf6 27. Rc2 Re7 28.
Qc1 Ra7 29. Qa3 Qf5 30. Rc3 Bb7 31. Qb2 Kg8 32. Rec1 Bxd5 33. Qb8+ 1-0

[Event "ch-RUS Rapid 2017"]
[Site "Sochi RUS"]
[Date "2017.10.01"]
[Round "9.18"]
[White "Pridorozhni, Aleksei"]
[Black "Triapishko, Alexandr"]
[Result "1-0"]
[WhiteTitle "GM"]
[BlackTitle "IM"]
[WhiteElo "2565"]
[BlackElo "2500"]
[WhiteFideId "4127870"]
[BlackFideId "14122286"]
[EventDate "2017.09.30"]

1. e4 c5 2. Nc3 d6 3. g3 Nc6 4. Bg2 g6 5. f4 Bg7 6. Nf3 e6 7. O-O Nge7 8. d3 O-O
9. Be3 Nd4 10. Qd2 Bd7 11. Rae1 Nec6 12. Nd1 Nxf3+ 13. Bxf3 Qa5 14. Qxa5 Nxa5
15. c3 Rac8 16. Bf2 Bb5 17. Be2 Ba6 18. Ne3 Nc6 19. Nc2 b6 20. Rd1 d5 21. Rfe1
Rfd8 22. e5 d4 23. c4 g5 24. Bf3 Bh6 25. fxg5 Bxg5 26. g4 Bb7 27. Kg2 Rc7 28.
Bg3 Ne7 29. h4 Bh6 30. Rf1 Bg7 31. h5 Bxf3+ 32. Kxf3 Rb7 33. Ke4 b5 34. Na3 a6
35. Bh4 Rdb8 36. Bxe7 Rxe7 37. g5 h6 38. g6 fxg6 39. hxg6 b4 40. Nb1 Rf8 41.
Rxf8+ Bxf8 42. Nd2 Rg7 43. Rg1 h5 44. Kf3 Rb7 45. Ne4 Kg7 46. Kf4 Kh6 47. Ng5
Rb6 48. Nf7+ Kg7 49. Kg5 Be7+ 50. Kxh5 Rb8 51. Rf1 Rf8 52. Rf3 a5 53. Ng5 Rf5
54. Rxf5 exf5 55. Ne6+ Kg8 56. b3 Kh8 57. Kh6 Kg8 58. g7 Bh4 59. Nf4 1-0

[Event "ch-RUS Rapid 2017"]
[Site "Sochi RUS"]
[Date "2017.10.01"]
[Round "9.19"]
[White "Tsydypov, Zhamsaran"]
[Black "Sorokin, Aleksey"]
[Result "1-0"]
[WhiteTitle "IM"]
[BlackTitle "FM"]
[WhiteElo "2529"]
[BlackElo "2486"]
[WhiteFideId "4108566"]
[BlackFideId "24176460"]
[EventDate "2017.09.30"]

1. e4 c5 2. Nf3 d6 3. Bb5+ Nd7 4. c4 a6 5. Ba4 Nf6 6. Nc3 g6 7. O-O Bg7 8. d4
cxd4 9. Nxd4 O-O 10. h3 Qc7 11. Bb3 e6 12. Be3 b6 13. Rc1 Bb7 14. Bc2 Rac8 15.
Bb1 Qb8 16. b3 Qa8 17. Nde2 d5 18. exd5 exd5 19. cxd5 b5 20. Bd4 b4 21. Ne4 Bxd5
22. Nxf6+ Nxf6 23. Nf4 Bb7 24. Qd2 Nd5 25. Bxg7 Kxg7 26. Nh5+ Kh8 27. Bxg6 Rg8
28. Bxf7 Nf6 29. Rxc8 Qxc8 30. Bxg8 1-0

[Event "ch-RUS Rapid 2017"]
[Site "Sochi RUS"]
[Date "2017.10.01"]
[Round "9.20"]
[White "Korchmar, Vasiliy"]
[Black "Iljiushenok, Ilia"]
[Result "1-0"]
[WhiteTitle "IM"]
[BlackTitle "IM"]
[WhiteElo "2399"]
[BlackElo "2519"]
[WhiteFideId "24131750"]
[BlackFideId "24105074"]
[EventDate "2017.09.30"]

1. d4 Nf6 2. c4 g6 3. Nc3 Bg7 4. e4 d6 5. h3 O-O 6. Nf3 e5 7. d5 a5 8. g4 Na6 9.
Be3 Nd7 10. a3 Nb6 11. Rg1 Bd7 12. h4 c6 13. h5 cxd5 14. cxd5 Nc5 15. a4 Rc8 16.
b3 Na8 17. Rc1 Re8 18. Nd2 Nc7 19. Nc4 N7a6 20. hxg6 fxg6 21. Nxd6 Bxg4 22. Qxg4
Qxd6 23. Bc4 Nb4 24. Kd2 Rf8 25. Rh1 h5 26. Qg2 Nbd3 27. Nb5 Qf6 28. Bxd3 Nxb3+
29. Ke2 Nxc1+ 30. Bxc1 Kh7 31. Rg1 Bh6 32. Ba3 Rfd8 33. Be7 Qf7 34. Bxd8 Rxd8
35. Qf3 Bf4 36. Qh3 Rf8 37. Qe6 Qg7 38. Nd6 Rf6 39. Ne8 Rxe6 40. Nxg7 Rb6 41.
Ne6 1-0

[Event "ch-RUS Rapid 2017"]
[Site "Sochi RUS"]
[Date "2017.10.01"]
[Round "9.21"]
[White "Kryakvin, Dmitry"]
[Black "Nazaretyan, Tigran"]
[Result "1-0"]
[WhiteTitle "GM"]
[WhiteElo "2583"]
[BlackElo "2303"]
[WhiteFideId "4153278"]
[BlackFideId "24162345"]
[EventDate "2017.09.30"]

1. c4 Nf6 2. Nf3 g6 3. Nc3 Bg7 4. e4 O-O 5. d4 d6 6. Be2 e5 7. O-O Nc6 8. dxe5
dxe5 9. Bg5 Qxd1 10. Rfxd1 Bg4 11. h3 Bxf3 12. Bxf3 Nd4 13. Nd5 Nd7 14. Be7 c6
15. Bxf8 Kxf8 16. Nc3 a5 17. Ne2 Nc5 18. Kf1 Ke7 19. Rab1 Ke6 20. Nc1 Bf8 21.
Nd3 Nxd3 22. Rxd3 Bc5 23. g3 Ke7 24. Bg2 f6 25. h4 a4 26. Bh3 Ra6 27. f4 Rb6 28.
f5 Rb4 29. b3 a3 30. Kg2 Rb6 31. Rf1 Bb4 32. fxg6 hxg6 33. g4 g5 34. h5 Kf7 35.
Kh1 Be7 36. Bg2 c5 37. Bf3 Rd6 38. Bd1 Rb6 39. Kg2 Kg7 40. Kf2 Kh6 41. Ke3 Rd6
42. Kd2 Bd8 43. Kc1 Be7 44. Kb1 Bd8 45. b4 cxb4 46. Bb3 Bb6 47. c5 Bxc5 48. Bc4
b6 49. Rd2 Rc6 50. Bd5 Rd6 51. Rdf2 f5 52. Rxf5 Nxf5 53. Rxf5 Bd4 54. Kc2 Rd7
55. Kb3 Bc3 56. Rf6+ Kh7 57. Be6 Rd2 58. Ka4 Re2 59. h6 Rh2 60. Bf5+ Kg8 61. h7+
Kg7 62. Rxb6 Bd4 63. Rb7+ Kf6 64. Rb8 b3 65. Rxb3 Bc5 66. Rb8 1-0

[Event "ch-RUS Rapid 2017"]
[Site "Sochi RUS"]
[Date "2017.10.01"]
[Round "9.22"]
[White "Moiseenko, Vadim"]
[Black "Slavin, Alexey"]
[Result "1-0"]
[WhiteTitle "IM"]
[BlackTitle "IM"]
[WhiteElo "2558"]
[BlackElo "2364"]
[WhiteFideId "4123700"]
[BlackFideId "24104388"]
[EventDate "2017.09.30"]

1. e4 c5 2. Nf3 g6 3. g3 Bg7 4. Bg2 Nc6 5. O-O e5 6. d3 Nge7 7. Be3 b6 8. c3 d5
9. exd5 Nxd5 10. Bg5 Qd7 11. d4 h6 12. Nxe5 Nxe5 13. dxe5 Bb7 14. Bf6 Bxf6 15.
exf6 O-O-O 16. Qf3 Rhe8 17. Na3 Qc6 18. c4 Nb4 19. Qg4+ Qe6 20. Qxe6+ fxe6 21.
Nb5 a6 22. Nc3 Bxg2 23. Kxg2 Rf8 24. Ne4 Rd4 25. f3 Nc2 26. Rae1 Nxe1+ 27. Rxe1
Kc7 28. b3 Kc6 29. h4 b5 30. cxb5+ axb5 31. g4 g5 32. hxg5 hxg5 33. Kg3 c4 34.
bxc4 bxc4 35. a4 Kb6 36. Rb1+ Kc6 1-0

[Event "ch-RUS Rapid 2017"]
[Site "Sochi RUS"]
[Date "2017.10.01"]
[Round "9.23"]
[White "Dzhumagaliev, Yan"]
[Black "Tekeyev, Zaur"]
[Result "0-1"]
[WhiteTitle "FM"]
[BlackTitle "FM"]
[WhiteElo "2400"]
[BlackElo "2380"]
[WhiteFideId "24100110"]
[BlackFideId "4199731"]
[EventDate "2017.09.30"]

1. d4 Nf6 2. c4 g6 3. Nc3 Bg7 4. e4 d6 5. Nf3 O-O 6. Be2 e5 7. O-O Na6 8. Be3 c6
9. h3 exd4 10. Bxd4 Qe7 11. Re1 Nc5 12. Bf1 a5 13. Qc2 Ne6 14. Be3 Nd7 15. Rad1
Nec5 16. Bg5 f6 17. Bh4 Ne5 18. Nh2 g5 19. Bg3 f5 20. exf5 Bxf5 21. Qd2 Rad8 22.
Ng4 h6 23. Nxe5 dxe5 24. Qe3 Rxd1 25. Rxd1 b6 26. b3 Qf6 27. Na4 Nxa4 28. bxa4
Rb8 29. Rd2 h5 30. f3 h4 31. Bf2 Bf8 32. Qb3 Bb4 33. Rd1 Rd8 34. Rxd8+ Qxd8 35.
c5+ Kg7 36. cxb6 Bd6 37. Qc3 Bb8 38. Qxc6 Qd7 39. Qa8 Qd6 40. Qb7+ Kh6 41. Bb5
Qd1+ 42. Bf1 Qd6 43. g3 e4 44. fxe4 hxg3 45. Be3 g2 46. Bxg2 Qd1+ 47. Bf1 Bxh3
48. Qf7 Qg4+ 49. Kf2 Bg3+ 50. Kg1 Bf4+ 51. Kh1 Qf3+ 52. Kg1 Qxf1# 0-1

[Event "ch-RUS Rapid 2017"]
[Site "Sochi RUS"]
[Date "2017.10.01"]
[Round "9.24"]
[White "Kozak, Alexander"]
[Black "Lugovskoy, Maxim"]
[Result "1/2-1/2"]
[WhiteTitle "FM"]
[BlackTitle "GM"]
[WhiteElo "2315"]
[BlackElo "2474"]
[WhiteFideId "4135881"]
[BlackFideId "24126454"]
[EventDate "2017.09.30"]

1. e4 e6 2. Nf3 d5 3. Nc3 Nf6 4. e5 Nfd7 5. d4 Be7 6. h4 c5 7. dxc5 Nc6 8. Bf4
a6 9. Bd3 Nxc5 10. h5 h6 11. Rh3 Qb6 12. Rb1 Bd7 13. Rg3 Bf8 14. Kf1 Nxd3 15.
cxd3 Rc8 16. Ne2 a5 17. Be3 Qa6 18. a3 b5 19. Rc1 a4 20. Bc5 b4 21. Bxf8 Kxf8
22. Ned4 bxa3 23. bxa3 Ne7 24. Rxc8+ Qxc8 25. Qd2 Kg8 26. Qf4 Qc3 27. Qf6 Ng6
28. Rxg6 fxg6 29. Qd8+ Kh7 30. hxg6+ Kxg6 31. Qxd7 Qa1+ 32. Ke2 Qb2+ 33. Ke3
Qc1+ 34. Nd2 Rf8 35. Nf3 Qxa3 36. Qxe6+ Kh7 37. Qxd5 Re8 38. g4 Qa1 39. g5 a3
40. gxh6 a2 41. Qf7 Rxe5+ 42. Kf4 Ra5 43. d4 Kxh6 44. Qg8 Qb1 45. Ne4 Qxe4+ 46.
Kxe4 a1=Q 47. Qh8+ Kg6 48. Ne5+ Rxe5+ 49. Kxe5 Qe1+ 50. Kd5 Qa5+ 51. Ke6 Qb6+
52. Ke5 Qf6+ 53. Kd5 Qf5+ 54. Kd6 Qf4+ 55. Kc5 Qc7+ 56. Kb5 Qb7+ 57. Kc4 Qc6+
58. Kb4 Qb6+ 59. Kc4 Qc6+ 1/2-1/2

[Event "ch-RUS Rapid 2017"]
[Site "Sochi RUS"]
[Date "2017.10.01"]
[Round "9.25"]
[White "Sharafiev, Azat"]
[Black "Zakaryan, David"]
[Result "1-0"]
[WhiteTitle "IM"]
[BlackTitle "FM"]
[WhiteElo "2433"]
[BlackElo "2293"]
[WhiteFideId "4186214"]
[BlackFideId "24101923"]
[EventDate "2017.09.30"]

1. Nf3 Nf6 2. g3 d5 3. Bg2 c5 4. O-O h6 5. c4 d4 6. b4 cxb4 7. a3 b3 8. Qxb3 Nc6
9. e3 e5 10. exd4 e4 11. Ne5 Nxd4 12. Qa4+ Bd7 13. Nxd7 Qxd7 14. Qxd7+ Kxd7 15.
Nc3 Rc8 16. Bh3+ Ne6 17. Rb1 b6 18. d3 exd3 19. Rd1 Rxc4 20. Rxd3+ Ke8 21. Nb5
Bc5 22. Nxa7 Ne4 23. Be3 Ke7 24. Bxc5+ Rxc5 25. Rxb6 f5 26. Nc6+ Kf7 27. Rd7+
Kg6 28. Nd4 Ng5 29. Nxe6 Nxh3+ 30. Kg2 Rc1 31. Nxg7+ Kg5 32. Kxh3 1-0

[Event "ch-RUS Rapid 2017"]
[Site "Sochi RUS"]
[Date "2017.10.01"]
[Round "9.26"]
[White "Ivlev, Aleksey"]
[Black "Krylov, Mikhail RUS"]
[Result "0-1"]
[WhiteTitle "FM"]
[BlackTitle "GM"]
[WhiteElo "2259"]
[BlackElo "2476"]
[WhiteFideId "24185949"]
[BlackFideId "4151364"]
[EventDate "2017.09.30"]

1. d4 Nf6 2. c4 c5 3. d5 e6 4. Nf3 exd5 5. cxd5 d6 6. Nc3 g6 7. Bf4 a6 8. a4 Bg7
9. h3 O-O 10. e3 Qe7 11. Nd2 Nh5 12. Bh2 f5 13. Be2 f4 14. e4 Nf6 15. O-O g5 16.
Nc4 Nbd7 17. Re1 Ne5 18. Nb6 Rb8 19. Rb1 Nfd7 20. Nxc8 Rbxc8 21. a5 Qd8 22. Ra1
c4 23. Ra4 Nc5 24. Rxc4 Nxc4 25. Bxc4 Nd7 26. Be2 Qxa5 27. Bg4 Rc7 28. Be6+ Kh8
29. Qg4 Nc5 30. Qxg5 Nxe6 31. Qg4 Nc5 32. Bxf4 Qb6 33. Re2 Nd3 34. Be3 Qb4 35.
Nd1 Ne5 36. Qe6 Qxe4 37. Qxd6 Rd7 38. Qb6 Qb1 39. Qb3 Qd3 40. Nc3 Nc4 41. Bc5
Rg8 42. Re4 b5 43. Rg4 Rxd5 44. Rg3 Qf5 45. Nxd5 Qxd5 46. Bb4 Be5 47. Rxg8+ Kxg8
48. Qc2 Bxb2 49. Qe2 Qd7 50. Qf3 h6 51. Qa8+ Kh7 52. Qxa6 Be5 53. g3 Qd1+ 54.
Kg2 Qd5+ 55. Kh2 Bd4 56. Qa2 Qf3 57. Be1 Qd1 58. Bb4 Qf1 59. Qc2+ Kg7 60. Bc3
Bxc3 61. Qxc3+ Kg6 62. Qd4 Qe2 63. Qc5 Qe5 64. Qc6+ Kg7 65. Qd7+ Kf6 66. Qh7 h5
67. Qh8+ Ke6 68. Qe8+ Kd6 69. Qf8+ Kd5 70. Kg1 Kd4 71. g4 hxg4 72. hxg4 Kc3 73.
f4 Qe1+ 74. Kg2 Qe4+ 75. Kg3 b4 76. Qh8+ Qd4 77. Qh1 Qd3+ 78. Kf2 Qe3+ 79. Kg2
Qe4+ 0-1

[Event "ch-RUS Rapid 2017"]
[Site "Sochi RUS"]
[Date "2017.10.01"]
[Round "9.27"]
[White "Novikov, Maxim"]
[Black "Rudenko, Eugeny"]
[Result "1-0"]
[WhiteTitle "GM"]
[WhiteElo "2501"]
[BlackElo "2108"]
[WhiteFideId "4161289"]
[BlackFideId "14108356"]
[EventDate "2017.09.30"]

1. e4 c5 2. Nf3 d6 3. c3 Nf6 4. h3 Nc6 5. Bd3 e6 6. Bc2 Be7 7. d4 cxd4 8. cxd4
d5 9. e5 Nd7 10. Nc3 b6 11. Ba4 Na5 12. Qd3 a6 13. O-O b5 14. Bc2 Nc4 15. b3 Na3
16. Bxa3 Bxa3 17. Rad1 Be7 18. Qe2 Nb6 19. Bd3 Bd7 20. Rc1 Rc8 21. Rc2 O-O 22.
Nd1 Rxc2 23. Qxc2 g6 24. Ne3 Qb8 25. Ng4 h5 26. Nf6+ Kg7 27. Ng5 Rh8 28. Nxf7
Bxf6 29. Nxh8 Bxe5 30. dxe5 Kxh8 31. f4 1-0

[Event "ch-RUS Rapid 2017"]
[Site "Sochi RUS"]
[Date "2017.10.01"]
[Round "9.28"]
[White "Poliakov, Artem"]
[Black "Usmanov, Vasily"]
[Result "0-1"]
[BlackTitle "IM"]
[WhiteElo "2182"]
[BlackElo "2459"]
[WhiteFideId "24198536"]
[BlackFideId "4135741"]
[EventDate "2017.09.30"]

1. c4 e6 2. Nc3 d5 3. d4 Nf6 4. cxd5 exd5 5. Bg5 c6 6. e3 Bf5 7. Qf3 Bg6 8. Bxf6
Qxf6 9. Qxf6 gxf6 10. Nh3 Nd7 11. Kd2 Nb6 12. Nf4 Bd6 13. g3 Ke7 14. Rc1 a5 15.
Be2 a4 16. Rhe1 a3 17. b3 Bb4 18. Kd1 Ra5 19. g4 Nc8 20. Rg1 Nd6 21. f3 h5 22.
g5 Nf5 23. Kd2 Bd6 24. Nxg6+ fxg6 25. f4 Kf7 26. gxf6 Re8 27. Rg3 Nxg3 28. hxg3
Kxf6 29. Kd3 Bb4 30. Na4 Raa8 31. Bf3 Re7 32. Rc2 Rae8 33. Re2 Kg7 34. Nb6 Kh6
35. e4 Ba5 36. Na4 dxe4+ 37. Rxe4 Rxe4 38. Bxe4 Rd8 39. Nc5 Bb6 40. Ne6 Rd6 41.
f5 gxf5 42. Bxf5 Bxd4 43. Ke4 Bf6 44. Nc5 Rd4+ 45. Ke3 Rd5 0-1

[Event "ch-RUS Rapid 2017"]
[Site "Sochi RUS"]
[Date "2017.10.01"]
[Round "10.1"]
[White "Tomashevsky, Evgeny"]
[Black "Alekseev, Evgeny"]
[Result "1/2-1/2"]
[WhiteTitle "GM"]
[BlackTitle "GM"]
[WhiteElo "2710"]
[BlackElo "2622"]
[WhiteFideId "4147235"]
[BlackFideId "4138147"]
[EventDate "2017.09.30"]

1. Nf3 c5 2. c4 Nc6 3. Nc3 g6 4. e3 Nf6 5. d4 cxd4 6. exd4 d5 7. cxd5 Nxd5 8.
Qb3 e6 9. Bb5 Bg7 10. O-O O-O 11. Bxc6 bxc6 12. Re1 Qb6 13. Qc2 1/2-1/2